000 00692cab a2200241 4500
001 ABS53661
008 090401t1995 xxu||||| |||| 00| 0 eng d
035 _a(Sirsi) u5699
041 _aeng
245 _aAlternative land use
260 _c1995
350 _a0
490 _aFarm Development Review
_v9(11) September 1995 (8)
520 _aCovers charcoal production, snail farming, short rotation coppice, tress for wood pulp and how to carry out market research.
650 _aENERGY CROPS
650 _aMARKET RESEARCH
650 _aSHORT ROTATION COPPICE
650 _aSNAIL FARMING
650 _aWOOD PULP
690 _aRURAL PRACTICE
942 _n0
948 _c04/03/1997
999 _c3399
_d3399